| 000 | 00930nas a2200301 4500 | ||
|---|---|---|---|
| 001 | BR0904821 | ||
| 003 | BR-BrBNA | ||
| 005 | 20231205113542.0 | ||
| 007 | ta | ||
| 008 | 230509b bl.|||p| |||| 00| 00por d | ||
| 040 |
_aBR-BrBNA _bpor _cBiblioteca Nacional de Agricultura |
||
| 041 | _a(En) | ||
| 072 | _aH20; H10 | ||
| 100 | 1 | _aSilveira, J.R.P. | |
| 100 | 1 | _aDuarte, V. | |
| 100 | 1 | _aMoraes, M.G. | |
| 100 | 1 | _aLopes, C.A. | |
| 100 | 1 | _aFernandes, J.M. | |
| 100 | 1 | _aBarni, V. | |
| 100 | 1 | _aMaciel, J.L.N. | |
| 245 | 1 | _aEpidemiological analysis of clones and cultivars of potato in soil naturally infested with Ralstonia solanacearum Biovar 2 | |
| 650 | _aBATATA | ||
| 650 | _aPRAGA DE PLANTA | ||
| 650 | _aDOENÇA DE PLANTA | ||
| 773 | 0 |
_tFitopatologia Brasileira (Brazil) _xISSN 0100-4158 _g(May-Jun 2007), v. 32(3) p. 181-188 _wBR0904821 |
|
| 909 |
_a202311 _bLúcia _c55 _dLúcia Elande |
||
| 942 |
_2AGRIS _n0 _cANA |
||
| 999 |
_c204394 _d204394 |
||